| 000 | 00511nam a2200181 4500 | ||
|---|---|---|---|
| 003 | SEACOMMC | ||
| 005 | 20250429145457.0 | ||
| 008 | 241228b |||||||| |||| 00| 0 eng d | ||
| 020 |
_a 81-2591-654-7 _cRs.245.00 |
||
| 040 | _aSEACOMMC | ||
| 082 |
_a519.5 _bG 977 |
||
| 100 | _a Gupta, C B. | ||
| 245 | 1 |
_aAn Introduction to Statistical Methods _cC B Gupta [and] Vijay Gupta. |
|
| 250 | _a23rd rev.ed. | ||
| 260 |
_aNew Delhi _b Vikas Publishing House _c 2004 |
||
| 650 | _a Statistical Methods | ||
| 942 | _cBOOK | ||
| 999 |
_c948 _d948 |
||